[Event "DVM U16 2019"]
[Site "Magdeburg GER"]
[Date "2019.12.27"]
[Round "2"]
[White "Dietz, Florian"]
[Black "Kravtsov, Maksim"]
[Result "1-0"]
[Termination "normal"]
[Board "3.2"]
[WhiteElo "2116"]
[BlackElo "1784"]
[WhiteTeam "Reideburger SV 90 Halle"]
[BlackTeam "Karlsruher SF 1853"]
[PlyCount "63"]
[WhiteFideId "12939897"]
[BlackFideId "54173868"]
[EventCountry "GER"]
[EventRounds "7"]
[EventType "team-swiss"]
[EventDate "2019.12.26"]

1. e4 e6 2. d4 d5 3. Nd2 dxe4 4. Nxe4 Bd7 5. Nf3 Bc6 6. Bd3 Be7 7. O-O Nf6 8.
Ng3 O-O 9. c3 Nbd7 10. Re1 Rb8 11. b4 b5 12. Qe2 a6 13. Ne5 Bb7 14. a4 Nb6 15.
axb5 axb5 16. Bxb5 Qd5 17. Nf3 h6 18. Bd3 Qd7 19. Bd2 Nbd5 20. Rab1 Rfd8 21. b5
c5 22. c4 Nc7 23. d5 Bf8 24. Ne5 Qc8 25. b6 Nce8 26. dxe6 fxe6 27. Bg6 Nd6 28.
Nh5 Nxh5 29. Qxh5 Nf5 30. Bf7+ Kh7 31. Qg6+ Kh8 32. Bxe6 1-0

[Event "DVM U16 2019"]
[Site "Magdeburg GER"]
[Date "2019.12.27"]
[Round "2"]
[White "Engert, Kiyan"]
[Black "Haufe, Laurin"]
[Result "1/2-1/2"]
[Termination "normal"]
[Board "4.2"]
[WhiteElo "1730"]
[BlackElo "2022"]
[WhiteTeam "Biebertaler Schachfreunde"]
[BlackTeam "Schachgemeinschaft Leipzig"]
[PlyCount "54"]
[WhiteFideId "16214870"]
[BlackFideId "12976504"]
[EventCountry "GER"]
[EventRounds "7"]
[EventType "team-swiss"]
[EventDate "2019.12.26"]

1. d4 Nf6 2. c4 g6 3. Nf3 Bg7 4. g3 O-O 5. Bg2 d6 6. O-O Nc6 7. Nc3 a6 8. e4
Re8 9. Re1 e5 10. dxe5 Nxe5 11. Nxe5 dxe5 12. Qxd8 Rxd8 13. Bg5 c6 14. Rad1 Be6
15. b3 h6 16. Be3 b5 17. cxb5 cxb5 18. Rxd8+ Rxd8 19. Rd1 Rc8 20. Rc1 h5 21.
Ne2 Kf8 22. Rxc8+ Bxc8 23. Nc1 Nd7 24. Bh3 Ke7 25. Nd3 Bb7 26. f3 Kd6 27. Kf2
Bc6 1/2-1/2

[Event "DVM U16 2019"]
[Site "Magdeburg GER"]
[Date "2019.12.27"]
[Round "2"]
[White "Gubariev, Jakob"]
[Black "Huber, Benedikt"]
[Result "0-1"]
[Termination "normal"]
[Board "5.1"]
[WhiteElo "1896"]
[BlackElo "2133"]
[WhiteTeam "Schachfreunde Augsburg"]
[BlackTeam "SK München Südost"]
[PlyCount "102"]
[WhiteFideId "16216938"]
[BlackFideId "12923583"]
[EventCountry "GER"]
[EventRounds "7"]
[EventType "team-swiss"]
[EventDate "2019.12.26"]

1. e4 c5 2. Nc3 e6 3. f4 Nc6 4. Bb5 Nge7 5. Nf3 a6 6. Bxc6 Nxc6 7. O-O d5 8. d3
Be7 9. e5 O-O 10. Qe1 f5 11. exf6 Bxf6 12. Bd2 Qd6 13. Qg3 Bd7 14. Rae1 Nb4 15.
Rc1 Rae8 16. a3 Nc6 17. Rce1 b5 18. Nd1 Nd4 19. Nxd4 Bxd4+ 20. Be3 Bf6 21. Bc1
a5 22. Ne3 b4 23. Ng4 Bd4+ 24. Kh1 Bb5 25. Rf3 c4 26. dxc4 dxc4 27. Qh4 Qd8 28.
Qxd8 Rxd8 29. axb4 axb4 30. c3 Bc6 31. cxd4 Bxf3 32. gxf3 Rxd4 33. Be3 Rd5 34.
Rc1 Rc8 35. Kg2 c3 36. bxc3 Rxc3 37. Ra1 h5 38. Ra8+ Kh7 39. Nf2 Rxe3 40. Ne4
Rb5 41. Nd6 Rd5 42. Ne8 Re2+ 43. Kg3 Rdd2 44. h3 b3 45. Ra7 Rg2+ 46. Kh4 b2 47.
Nf6+ Kg6 48. Nxh5 b1=Q 49. Rxg7+ Kh6 50. Ng3 Kxg7 51. Nf5+ exf5 0-1

[Event "DVM U16 2019"]
[Site "Magdeburg GER"]
[Date "2019.12.27"]
[Round "2"]
[White "Lohvinov, Petro"]
[Black "Brückner, Alexander"]
[Result "1-0"]
[Termination "normal"]
[Board "5.2"]
[WhiteElo "2032"]
[BlackElo "1876"]
[WhiteTeam "SK München Südost"]
[BlackTeam "Schachfreunde Augsburg"]
[PlyCount "77"]
[WhiteFideId "14176661"]
[BlackFideId "12952613"]
[EventCountry "GER"]
[EventRounds "7"]
[EventType "team-swiss"]
[EventDate "2019.12.26"]

1. e4 c5 2. Nf3 e6 3. d3 Nc6 4. g3 Nf6 5. Bg2 Be7 6. O-O d6 7. Re1 Qc7 8. c3
O-O 9. d4 cxd4 10. cxd4 b6 11. Nc3 Bb7 12. d5 Na5 13. dxe6 fxe6 14. Nd4 Kf7 15.
Be3 Rae8 16. Rc1 Qd7 17. Ncb5 Bd8 18. b4 a6 19. Nxe6 Rxe6 20. Nd4 Nc6 21. Nxe6
Qxe6 22. e5 dxe5 23. Bg5 h6 24. Bxf6 Kxf6 25. Bd5 Qd6 26. Bxc6 Qxd1 27. Rexd1
Bxc6 28. Rxc6+ Kf5 29. Rcd6 Be7 30. Rxb6 Ra8 31. a4 Ke4 32. Kg2 Kf5 33. Rd7 Bf6
34. Rdd6 a5 35. b5 e4 36. Ra6 Rc8 37. Rxa5 Rc2 38. b6+ Kg6 39. b7 1-0

[Event "DVM U16 2019"]
[Site "Magdeburg GER"]
[Date "2019.12.27"]
[Round "2"]
[White "Vuckovic, Katarina"]
[Black "Costa, Leonardo"]
[Result "0-1"]
[Termination "normal"]
[Board "5.3"]
[WhiteElo "1309"]
[BlackElo "2048"]
[WhiteTeam "Schachfreunde Augsburg"]
[BlackTeam "SK München Südost"]
[PlyCount "62"]
[WhiteFideId "16232615"]
[BlackFideId "16213955"]
[EventCountry "GER"]
[EventRounds "7"]
[EventType "team-swiss"]
[EventDate "2019.12.26"]

1. e4 e5 2. Nf3 Nc6 3. d4 exd4 4. Bc4 Nf6 5. e5 d5 6. Bb5 Ne4 7. Nxd4 Bd7 8.
Bxc6 bxc6 9. O-O Bc5 10. Be3 O-O 11. f3 Ng5 12. f4 Ne6 13. c3 f5 14. Qe2 Bxd4
15. cxd4 Qe7 16. Nc3 Rfb8 17. g4 g6 18. gxf5 gxf5 19. a3 Kh8 20. Kh1 c5 21. Qf2
cxd4 22. Bxd4 c5 23. Bxc5 Qxc5 24. Qh4 d4 25. Qf6+ Ng7 26. Nd1 Qd5+ 27. Kg1 Bc6
28. Kf2 Qg2+ 29. Ke1 Bb5 30. Rf2 Qe4+ 31. Kd2 Rc8 0-1

[Event "DVM U16 2019"]
[Site "Magdeburg GER"]
[Date "2019.12.27"]
[Round "2"]
[White "Ponomarev, Maximilian"]
[Black "Hamkar, Behzad"]
[Result "1-0"]
[Termination "normal"]
[Board "5.4"]
[WhiteElo "2046"]
[BlackElo "1223"]
[WhiteTeam "SK München Südost"]
[BlackTeam "Schachfreunde Augsburg"]
[PlyCount "73"]
[WhiteFideId "16216768"]
[BlackFideId "16255631"]
[EventCountry "GER"]
[EventRounds "7"]
[EventType "team-swiss"]
[EventDate "2019.12.26"]

1. e4 c5 2. Nf3 e6 3. d4 cxd4 4. Nxd4 a6 5. c4 Qc7 6. Nc3 b6 7. Be2 Bb7 8. O-O
Nf6 9. f3 Be7 10. Be3 O-O 11. Qd2 Rd8 12. Rfc1 d6 13. a4 Nbd7 14. a5 Rac8 15.
Na4 bxa5 16. Nb3 Nc5 17. Naxc5 dxc5 18. Qxa5 Qc6 19. Qc3 h6 20. Na5 Qc7 21. Ra3
Nd7 22. e5 Nb8 23. Rca1 Rd7 24. Nxb7 Qxb7 25. Bd3 Qb4 26. Be4 f6 27. f4 Qxc3
28. Rxc3 Rdd8 29. Ra5 Rc7 30. Rb3 fxe5 31. fxe5 Nc6 32. Bxc6 Rxc6 33. Rb7 Rd1+
34. Kf2 Rb1 35. Rxe7 Rxb2+ 36. Kf3 Rc2 37. Ra4 1-0

[Event "DVM U16 2019"]
[Site "Magdeburg GER"]
[Date "2019.12.27"]
[Round "2"]
[White "Yi, Danny"]
[Black "Bethke, Richard"]
[Result "1/2-1/2"]
[Termination "normal"]
[Board "6.1"]
[BlackTitle "FM"]
[WhiteElo "2182"]
[BlackElo "2332"]
[WhiteTeam "SF 59 Kornwestheim"]
[BlackTeam "SF Neuberg"]
[PlyCount "90"]
[WhiteFideId "12988588"]
[BlackFideId "12959243"]
[EventCountry "GER"]
[EventRounds "7"]
[EventType "team-swiss"]
[EventDate "2019.12.26"]

1. e4 c5 2. Nf3 d6 3. d4 cxd4 4. Nxd4 Nf6 5. Nc3 a6 6. f4 Qc7 7. Bd3 g6 8. Nf3
Nbd7 9. O-O Bg7 10. Qe1 b5 11. a3 Bb7 12. Kh1 Nc5 13. Bd2 O-O 14. Rc1 Rac8 15.
b4 Nxd3 16. cxd3 Qb8 17. Qf2 Ba8 18. h3 Nd7 19. Qh4 e6 20. Ne2 Rxc1 21. Rxc1
Rc8 22. Qe7 Rxc1+ 23. Bxc1 Bc6 24. Ned4 Bf6 25. Nxc6 Bxe7 26. Nxb8 Nxb8 27. Bb2
Nc6 28. Kg1 f6 29. Kf2 Kf7 30. g4 Bd8 31. Bc3 Bb6+ 32. Ke2 e5 33. f5 gxf5 34.
gxf5 d5 35. Bd2 Ne7 36. Bc1 Nc8 37. Nd2 Nd6 38. Kf3 Ke7 39. Nb3 Kd7 40. Be3
Bxe3 41. Kxe3 Kc6 42. Nd2 h5 43. h4 Kb6 44. Ke2 a5 45. Kd1 dxe4 1/2-1/2

[Event "DVM U16 2019"]
[Site "Magdeburg GER"]
[Date "2019.12.27"]
[Round "2"]
[White "Bethke, Robert"]
[Black "Afonso, Nils"]
[Result "1-0"]
[Termination "normal"]
[Board "6.2"]
[WhiteElo "2046"]
[BlackElo "1955"]
[WhiteTeam "SF Neuberg"]
[BlackTeam "SF 59 Kornwestheim"]
[PlyCount "85"]
[WhiteFideId "12959251"]
[BlackFideId "12990582"]
[EventCountry "GER"]
[EventRounds "7"]
[EventType "team-swiss"]
[EventDate "2019.12.26"]

1. c4 Nf6 2. Nc3 g6 3. g3 d5 4. cxd5 Nxd5 5. Bg2 Nxc3 6. bxc3 Bg7 7. Nf3 O-O 8.
O-O c5 9. d4 cxd4 10. cxd4 Nc6 11. e3 Rb8 12. Nd2 Qc7 13. Bb2 Rd8 14. Rc1 Be6
15. Nb3 Qc8 16. Ba3 Bf6 17. d5 Bh3 18. e4 Bxg2 19. Kxg2 e6 20. Qf3 Bg5 21. dxc6
Bxc1 22. Rxc1 bxc6 23. Qf6 e5 24. Bd6 Rb5 25. Bxe5 Rxe5 26. Qxe5 Re8 27. Qc5
Rxe4 28. Qxc6 Qf5 29. Qc8+ Qxc8 30. Rxc8+ Kg7 31. Rc5 Re7 32. Nd4 a6 33. Ra5
Rd7 34. Nc6 Rc7 35. Rxa6 h6 36. a4 h5 37. h4 Kh6 38. a5 f6 39. Rb6 f5 40. a6 g5
41. hxg5+ Kxg5 42. a7 Kg4 43. a8=Q 1-0

[Event "DVM U16 2019"]
[Site "Magdeburg GER"]
[Date "2019.12.27"]
[Round "2"]
[White "Kluge, Malte"]
[Black "Baranyai-Molnar, Adam-Kristof"]
[Result "0-1"]
[Termination "normal"]
[Board "6.3"]
[WhiteElo "1679"]
[BlackElo "1756"]
[WhiteTeam "SF 59 Kornwestheim"]
[BlackTeam "SF Neuberg"]
[PlyCount "138"]
[WhiteFideId "16243838"]
[BlackFideId "768022"]
[EventCountry "GER"]
[EventRounds "7"]
[EventType "team-swiss"]
[EventDate "2019.12.26"]

1. d4 d5 2. c4 e5 3. dxe5 d4 4. Nf3 Nc6 5. g3 Bg4 6. Bg2 Qd7 7. O-O O-O-O 8. a3
Bxf3 9. Bxf3 Nxe5 10. Bg2 d3 11. exd3 Qxd3 12. Qxd3 Rxd3 13. Re1 Nf6 14. Bg5
Nxc4 15. Bh3+ Kd8 16. Bf1 Rd4 17. Bxc4 Rxc4 18. Nc3 h6 19. Rad1+ Bd6 20. Bxf6+
gxf6 21. Ne4 Rc6 22. Nxf6 Kc8 23. Ne4 Be5 24. b3 f5 25. Nd2 Bc3 26. Rf1 Bxd2
27. Rxd2 Rc3 28. b4 Rxa3 29. Rd5 f4 30. gxf4 Rg8+ 31. Kh1 Rf3 32. f5 Rf8 33.
Kg2 R3xf5 34. Rxf5 Rxf5 35. Ra1 a6 36. Re1 Rf4 37. Re8+ Kd7 38. Rh8 Rf6 39. f3
Kc6 40. Rh7 Kb6 41. Kg3 Rc6 42. Re7 Kb5 43. Re5+ Kxb4 44. Re4+ Rc4 45. Re6 a5
46. Rxh6 a4 47. Re6 a3 48. Re1 a2 49. f4 Kb3 50. Kg4 Kb2 51. Kg5 a1=Q 52. Rxa1
Kxa1 53. f5 Rc1 54. h4 b5 55. f6 b4 56. h5 b3 57. h6 b2 58. h7 Rg1+ 59. Kf4 Rh1
60. f7 b1=Q 61. f8=Q Qf1+ 62. Ke5 Qxf8 63. Kd5 Rxh7 64. Kc4 Qd6 65. Kc3 Rh4 66.
Kc2 Qh2+ 67. Kd3 Qg3+ 68. Kc2 Rh2+ 69. Kd1 Qg1# 0-1

[Event "DVM U16 2019"]
[Site "Magdeburg GER"]
[Date "2019.12.27"]
[Round "2"]
[White "Kolzenburg, Jan Niklas"]
[Black "Afonso, Phil"]
[Result "1-0"]
[Termination "normal"]
[Board "6.4"]
[WhiteElo "1648"]
[BlackElo "1650"]
[WhiteTeam "SF Neuberg"]
[BlackTeam "SF 59 Kornwestheim"]
[PlyCount "83"]
[WhiteFideId "16274830"]
[BlackFideId "16207475"]
[EventCountry "GER"]
[EventRounds "7"]
[EventType "team-swiss"]
[EventDate "2019.12.26"]

1. e4 e5 2. Nf3 Nc6 3. d4 exd4 4. Nxd4 Bc5 5. Nxc6 bxc6 6. Bd3 d6 7. Nc3 Nf6 8.
O-O O-O 9. Na4 Bb6 10. Nxb6 cxb6 11. Bg5 h6 12. Bh4 Qe7 13. Re1 Qe5 14. c3 Bb7
15. Qc2 Nd7 16. Rad1 f6 17. Bg3 Qe7 18. Bxd6 Qe6 19. Bxf8 Kxf8 20. b3 Re8 21.
Bc4 Qe7 22. Qd2 Nc5 23. f3 b5 24. Bf1 Ne6 25. Qd6 Qxd6 26. Rxd6 Ke7 27. Red1
Nf8 28. g3 Ba8 29. b4 Bb7 30. Bh3 Ba8 31. Kf2 g6 32. R6d2 h5 33. Ke3 g5 34. Bf5
a6 35. Ra1 Bb7 36. f4 g4 37. Rh1 Ne6 38. Bxe6 Kxe6 39. Kf2 Rc8 40. Re1 c5 41.
e5 Kf7 42. Rd7+ 1-0

[Event "DVM U16 2019"]
[Site "Magdeburg GER"]
[Date "2019.12.27"]
[Round "2"]
[White "Liebold, Aaron"]
[Black "Pahl, Erik"]
[Result "1-0"]
[Termination "normal"]
[Board "7.1"]
[WhiteElo "2001"]
[BlackElo "2030"]
[WhiteTeam "ESV Gera"]
[BlackTeam "Delmenhorster SK V 1931"]
[PlyCount "65"]
[WhiteFideId "12997846"]
[BlackFideId "16201272"]
[EventCountry "GER"]
[EventRounds "7"]
[EventType "team-swiss"]
[EventDate "2019.12.26"]

1. e4 Nf6 2. e5 Nd5 3. d4 d6 4. Nf3 g6 5. c4 Nb6 6. Nc3 Bg7 7. exd6 cxd6 8. Be2
O-O 9. Be3 Nc6 10. O-O Bf5 11. Qd2 d5 12. b3 Qd7 13. c5 Nc8 14. a3 Rd8 15. Rad1
b6 16. b4 bxc5 17. bxc5 Rb8 18. h3 h5 19. Bb5 e6 20. Bf4 Ra8 21. Ne5 Bxe5 22.
Bxe5 Kh7 23. Qg5 Rg8 24. Qf6 Nxe5 25. Bxd7 Nxd7 26. Qh4 Kg7 27. Rd2 Nf6 28. f3
Nh7 29. g4 g5 30. Qg3 hxg4 31. fxg4 Bg6 32. Qe5+ Kh6 33. h4 1-0

[Event "DVM U16 2019"]
[Site "Magdeburg GER"]
[Date "2019.12.27"]
[Round "2"]
[White "Pahl, Theis"]
[Black "Helmsdorf, Marius"]
[Result "1-0"]
[Termination "normal"]
[Board "7.2"]
[WhiteElo "2022"]
[BlackElo "1574"]
[WhiteTeam "Delmenhorster SK V 1931"]
[BlackTeam "ESV Gera"]
[PlyCount "93"]
[WhiteFideId "16201264"]
[BlackFideId "16274873"]
[EventCountry "GER"]
[EventRounds "7"]
[EventType "team-swiss"]
[EventDate "2019.12.26"]

1. e4 e6 2. d4 d5 3. Bd3 dxe4 4. Bxe4 Nf6 5. Bf3 c6 6. Ne2 Bd6 7. Bf4 O-O 8.
O-O Na6 9. Nbc3 Nc7 10. Bxd6 Qxd6 11. Qd3 Bd7 12. Ng3 Rad8 13. Nce4 Nxe4 14.
Nxe4 Qe7 15. Rfe1 Bc8 16. Qc4 Nd5 17. c3 Qc7 18. Nc5 Rfe8 19. Re4 Re7 20. Rae1
Rde8 21. Nd3 a5 22. a4 h6 23. g3 Bd7 24. Re5 Kf8 25. Bg2 Rc8 26. Qb3 Ree8 27.
f4 Nf6 28. Qd1 Qd8 29. g4 Nh7 30. Qf3 b6 31. g5 hxg5 32. Qh5 f6 33. R5e3 gxf4
34. Nxf4 Ng5 35. h4 Nf7 36. Qh7 Nh6 37. Bh3 e5 38. Ng6+ Kf7 39. Nxe5+ Rxe5 40.
dxe5 Bxh3 41. Rxh3 Qg8 42. e6+ Ke7 43. Qe4 f5 44. Qd4 Qf8 45. Qd7+ Kf6 46. e7
Qe8 47. Qe6# 1-0

[Event "DVM U16 2019"]
[Site "Magdeburg GER"]
[Date "2019.12.27"]
[Round "2"]
[White "Sinnhöfer, Joshua"]
[Black "Schulter, Moritz"]
[Result "1-0"]
[Termination "normal"]
[Board "7.4"]
[WhiteElo "1654"]
[BlackElo "1598"]
[WhiteTeam "Delmenhorster SK V 1931"]
[BlackTeam "ESV Gera"]
[PlyCount "67"]
[WhiteFideId "16201361"]
[BlackFideId "16245067"]
[EventCountry "GER"]
[EventRounds "7"]
[EventType "team-swiss"]
[EventDate "2019.12.26"]

1. e4 e6 2. d4 d5 3. exd5 exd5 4. Bd3 Bd6 5. Ne2 Nf6 6. O-O O-O 7. c3 Bd7 8.
Qc2 h6 9. Bf4 Be7 10. Nd2 Nh5 11. Bg3 Nxg3 12. Nxg3 Nc6 13. Rae1 Bd6 14. Qb3
Ne7 15. Nf3 b6 16. Ne5 Bc8 17. Nh5 Bb7 18. Re3 Bxe5 19. Rxe5 Ng6 20. Re3 Qg5
21. Qd1 Qd8 22. Rg3 Qd6 23. Qc2 Qe7 24. Bxg6 fxg6 25. Qxg6 Rf7 26. f4 Kh8 27.
f5 Raf8 28. Rgf3 Ba6 29. f6 gxf6 30. Rxf6 Bxf1 31. Qxh6+ Kg8 32. Rg6+ Rg7 33.
Rxg7+ Qxg7 34. Qxg7# 1-0

[Event "DVM U16 2019"]
[Site "Magdeburg GER"]
[Date "2019.12.27"]
[Round "2"]
[White "Kamp, Adrian"]
[Black "Kosev, Momchil"]
[Result "1-0"]
[Termination "normal"]
[Board "8.1"]
[WhiteElo "1884"]
[BlackElo "1814"]
[WhiteTeam "Schachklub Münster 32 e. V."]
[BlackTeam "Erfurter Schachklub"]
[PlyCount "45"]
[WhiteFideId "16222466"]
[BlackFideId "12975982"]
[EventCountry "GER"]
[EventRounds "7"]
[EventType "team-swiss"]
[EventDate "2019.12.26"]

1. e4 c5 2. d4 cxd4 3. c3 dxc3 4. Nxc3 Nc6 5. Nf3 d6 6. Bc4 a6 7. O-O Nf6 8.
Bf4 Bg4 9. Qb3 e6 10. e5 Na5 11. Qa4+ Nd7 12. exd6 Bxf3 13. gxf3 e5 14. Bxe5
Nxc4 15. Rfe1 b5 16. Nxb5 axb5 17. Qxb5 Be7 18. Bg3 Nce5 19. Rxe5 Rb8 20. Qa4
Ra8 21. Rxe7+ Qxe7 22. Qxa8+ Qd8 23. Re1+ 1-0

[Event "DVM U16 2019"]
[Site "Magdeburg GER"]
[Date "2019.12.27"]
[Round "2"]
[White "Wagner, Margarethe"]
[Black "Hungeling, David"]
[Result "1/2-1/2"]
[Termination "normal"]
[Board "8.2"]
[WhiteElo "1805"]
[BlackElo "1507"]
[WhiteTeam "Erfurter Schachklub"]
[BlackTeam "Schachklub Münster 32 e. V."]
[PlyCount "125"]
[WhiteFideId "16236947"]
[BlackFideId "16222440"]
[EventCountry "GER"]
[EventRounds "7"]
[EventType "team-swiss"]
[EventDate "2019.12.26"]

1. e4 e6 2. d4 d5 3. e5 c5 4. c3 Nc6 5. Nf3 Qb6 6. a3 cxd4 7. cxd4 Bd7 8. Nc3
Nge7 9. Na4 Qc7 10. Bd3 Na5 11. Nc3 Nc4 12. O-O Rc8 13. Ne2 h6 14. Nf4 Qb6 15.
b3 Na5 16. b4 Nc4 17. Qe2 Bb5 18. Be3 a6 19. a4 Nxe3 20. fxe3 Bxd3 21. Nxd3 Nc6
22. a5 Qc7 23. Rfc1 Be7 24. Rab1 b5 25. axb6 Qxb6 26. b5 axb5 27. Nb4 Na7 28.
Rxc8+ Nxc8 29. e4 Qb7 30. exd5 exd5 31. Nd2 O-O 32. Nf1 Na7 33. Ne3 Rd8 34. Nf5
Bxb4 35. Rxb4 Qc7 36. Rb1 Qd7 37. Nd6 Rb8 38. Qa2 Nc8 39. Qxd5 Nxd6 40. exd6
Kf8 41. Rc1 Rd8 42. Rc6 b4 43. h3 b3 44. Rb6 b2 45. Qb3 Qe6 46. Qxb2 Rxd6 47.
Qa3 Ke7 48. Rb7+ Ke8 49. Rb8+ Ke7 50. Rb6 Qe1+ 51. Kh2 Qe6 52. Qa7+ Kf6 53. Rb1
Kg6 54. Qc5 Kh7 55. Rf1 Rd5 56. Qc2+ Kh8 57. Qf2 Rd7 58. Kh1 f6 59. Re1 Qf7 60.
Qb2 Kh7 61. Qc2+ Qg6 62. Qc3 Qf7 63. Qd3+ 1/2-1/2

[Event "DVM U16 2019"]
[Site "Magdeburg GER"]
[Date "2019.12.27"]
[Round "2"]
[White "John, Niklas"]
[Black "Wagner, Victoria"]
[Result "1-0"]
[Termination "normal"]
[Board "8.3"]
[WhiteElo "1389"]
[BlackElo "1797"]
[WhiteTeam "Schachklub Münster 32 e. V."]
[BlackTeam "Erfurter Schachklub"]
[PlyCount "81"]
[WhiteFideId "16234626"]
[BlackFideId "16232348"]
[EventCountry "GER"]
[EventRounds "7"]
[EventType "team-swiss"]
[EventDate "2019.12.26"]

1. e4 c5 2. Nf3 d6 3. d4 cxd4 4. Nxd4 Nf6 5. Nc3 a6 6. Be3 e5 7. Nb3 Be7 8. Qd2
Ng4 9. Be2 Nxe3 10. Qxe3 Be6 11. O-O Nd7 12. Kh1 O-O 13. f4 exf4 14. Qxf4 Ne5
15. Rad1 Rc8 16. Nd4 Bd7 17. Nd5 Nc6 18. c3 Be6 19. Nxe7+ Qxe7 20. Nxe6 fxe6
21. Qxd6 Rxf1+ 22. Bxf1 Qxd6 23. Rxd6 e5 24. Rd7 Na5 25. b4 Nc4 26. Rxb7 Nd6
27. Re7 Nxe4 28. Bxa6 Rxc3 29. h3 Nd6 30. Rxe5 Ra3 31. Ra5 Rc3 32. Rd5 Ne4 33.
Rd4 Ng3+ 34. Kh2 Nf5 35. Bc4+ Kf8 36. Rf4 g6 37. g4 Rc2+ 38. Kg1 Rc1+ 39. Kf2
Rc2+ 40. Ke1 Rc1+ 41. Kd2 1-0

[Event "DVM U16 2019"]
[Site "Magdeburg GER"]
[Date "2019.12.27"]
[Round "2"]
[White "Seinsoth, Paul"]
[Black "Hartwig, Eric-Jordan"]
[Result "1-0"]
[Termination "normal"]
[Board "8.4"]
[WhiteElo "1629"]
[BlackElo "1170"]
[WhiteTeam "Erfurter Schachklub"]
[BlackTeam "Schachklub Münster 32 e. V."]
[PlyCount "79"]
[WhiteFideId "12994634"]
[BlackFideId "16298454"]
[EventCountry "GER"]
[EventRounds "7"]
[EventType "team-swiss"]
[EventDate "2019.12.26"]

1. e4 c5 2. Nf3 Nc6 3. d4 cxd4 4. Nxd4 e6 5. Be3 Nge7 6. Nc3 d5 7. exd5 Nxd5 8.
Nxd5 Qxd5 9. Nf3 Qa5+ 10. Bd2 Qb6 11. Bc3 Bc5 12. Qd2 Bb4 13. Bxb4 Qxb4 14.
O-O-O Qxd2+ 15. Rxd2 Bd7 16. Be2 Ke7 17. Rhd1 Rhd8 18. Ng5 Be8 19. Ne4 Rxd2 20.
Rxd2 Rd8 21. c3 Rxd2 22. Kxd2 f6 23. b4 a5 24. a3 b6 25. Kc2 Bg6 26. f3 Bxe4+
27. fxe4 Kd6 28. Kd3 axb4 29. axb4 Ne5+ 30. Kd4 Kc6 31. h3 g6 32. c4 h5 33. Bd1
b5 34. cxb5+ Kxb5 35. Kc3 Nc6 36. Be2+ Kb6 37. Bc4 Nd8 38. Be2 f5 39. exf5 exf5
40. Kd4 1-0

[Event "DVM U16 2019"]
[Site "Magdeburg GER"]
[Date "2019.12.27"]
[Round "2"]
[White "Brockhoff, Moritz"]
[Black "Leitherer, Johannes"]
[Result "1-0"]
[Termination "normal"]
[Board "9.1"]
[WhiteElo "2014"]
[BlackElo "1833"]
[WhiteTeam "SK Blauer Springer Paderborn 1926 e. V."]
[BlackTeam "Stuttgarter SF 1879"]
[PlyCount "101"]
[WhiteFideId "16214927"]
[BlackFideId "16261593"]
[EventCountry "GER"]
[EventRounds "7"]
[EventType "team-swiss"]
[EventDate "2019.12.26"]

1. e4 e5 2. Nf3 Nc6 3. Nc3 Nf6 4. Nxe5 Nxe5 5. d4 Ng6 6. e5 Be7 7. exf6 Bxf6 8.
Bc4 O-O 9. O-O d6 10. Be3 Be6 11. Bd3 Ne7 12. Qf3 c6 13. Ne4 Nd5 14. c4 Nb6 15.
Nxf6+ Qxf6 16. Qxf6 gxf6 17. Bh6 Rfe8 18. b3 Bg4 19. Rfe1 Bd7 20. f4 f5 21. Bg5
Kg7 22. Kf2 f6 23. Bh4 Kf7 24. Rxe8 Rxe8 25. Re1 Rg8 26. Be2 Nc8 27. Bh5+ Kg7
28. Re3 Rf8 29. Ke2 Kh6 30. Bf3 Kg6 31. Kd3 Rf7 32. d5 c5 33. Be1 b5 34. Ba5
Nb6 35. Re1 b4 36. Bxb6 axb6 37. Kd2 Rg7 38. a3 bxa3 39. Ra1 Kf7 40. Rxa3 Ke7
41. Ra7 Rg8 42. g3 Rb8 43. Be2 Kd8 44. Bd3 Kc8 45. Ke3 b5 46. cxb5 Bxb5 47.
Bxf5+ Kd8 48. Rxh7 Be8 49. Bc2 Ra8 50. Rh8 Rb8 51. h4 1-0

[Event "DVM U16 2019"]
[Site "Magdeburg GER"]
[Date "2019.12.27"]
[Round "2"]
[White "Alkabetz, Michael"]
[Black "Stirnberg, Noah"]
[Result "0-1"]
[Termination "normal"]
[Board "9.2"]
[WhiteElo "1644"]
[BlackElo "1877"]
[WhiteTeam "Stuttgarter SF 1879"]
[BlackTeam "SK Blauer Springer Paderborn 1926 e. V."]
[PlyCount "100"]
[WhiteFideId "16261577"]
[BlackFideId "16207742"]
[EventCountry "GER"]
[EventRounds "7"]
[EventType "team-swiss"]
[EventDate "2019.12.26"]

1. e4 e5 2. Nf3 Nc6 3. Bb5 a6 4. Ba4 Nf6 5. O-O b5 6. Bb3 Be7 7. Re1 d6 8. h3
O-O 9. c3 Na5 10. Bc2 c5 11. d4 Qc7 12. Bg5 cxd4 13. cxd4 Nc6 14. d5 Nb4 15.
Bb3 a5 16. a3 Na6 17. Nbd2 Nc5 18. Rc1 Qd7 19. Bc2 Bb7 20. Qe2 Rfc8 21. Bd3 Ba6
22. b4 Nxd3 23. Qxd3 a4 24. Qb1 h6 25. Be3 g5 26. Nh2 Nh5 27. Nhf1 Nf4 28. Ng3
Kh7 29. Nf5 Rxc1 30. Qxc1 Nd3 31. Qb1 Nxe1 32. Qxe1 Qe8 33. Qe2 Bf8 34. Qg4 f6
35. h4 h5 36. Qg3 g4 37. f3 Qg6 38. f4 Bc8 39. fxe5 Bxf5 40. exf5 Qxf5 41. exf6
Qxd5 42. Qe1 Qf5 43. Bd4 d5 44. Nb1 Bd6 45. Nc3 Qf4 46. Qb1+ Kh6 47. Qd3 Re8
48. Ne2 Rxe2 49. Qxe2 Qxd4+ 50. Kh1 Qa1+ 0-1

[Event "DVM U16 2019"]
[Site "Magdeburg GER"]
[Date "2019.12.27"]
[Round "2"]
[White "Möller, Maurin"]
[Black "Bantchev, Malte"]
[Result "0-1"]
[Termination "normal"]
[Board "9.3"]
[WhiteElo "1629"]
[BlackElo "1480"]
[WhiteTeam "SK Blauer Springer Paderborn 1926 e. V."]
[BlackTeam "Stuttgarter SF 1879"]
[PlyCount "70"]
[WhiteFideId "16265696"]
[BlackFideId "16288882"]
[EventCountry "GER"]
[EventRounds "7"]
[EventType "team-swiss"]
[EventDate "2019.12.26"]

1. e4 c5 2. Nc3 d6 3. f4 e6 4. Nf3 Nc6 5. Bc4 a6 6. a4 b6 7. O-O Nf6 8. d3 Be7
9. e5 Nd7 10. Qe1 Qc7 11. exd6 Bxd6 12. Ng5 Nf6 13. Nce4 Be7 14. f5 h6 15. Nf3
Nxe4 16. dxe4 exf5 17. exf5 O-O 18. Qe4 Bb7 19. Qg4 Kh7 20. Bd3 Bf6 21. Nh4 Ne5
22. Qg3 Qc6 23. Nf3 Nxd3 24. cxd3 Rad8 25. Ne1 Rfe8 26. Qg4 Rd4 27. Qf3 Qxf3
28. Nxf3 Rxd3 29. Nd2 Bd4+ 30. Kh1 Bxb2 31. Bxb2 Rxd2 32. Bc3 Rxg2 33. h4 Ree2
34. Rf3 Bxf3 35. Rf1 Rh2+ 0-1